Normal view
MARC view
- Hosseini, Ali
Entry Corporate Name
001 - CONTROL NUMBER
- control field: 99960
003 - CONTROL NUMBER IDENTIFIER
- control field: NUST
005 - DATE AND TIME OF LATEST TRANSACTION
- control field: 20221011171824.0
008 - FIXED-LENGTH DATA ELEMENTS
- fixed length control field: 221011|| aca||aabn | a|a d
040 ## - CATALOGING SOURCE
- Original cataloging agency: NUST
- Transcribing agency: NUST
110 ## - HEADING--CORPORATE NAME
- Corporate name or jurisdiction name as entry element: Hosseini, Ali
670 ## - SOURCE DATA FOUND
- Source citation: Work cat.: (NUST): Kishawy, Hossam A 99959, Machining Difficult-To-Cut Materials : , 2019.
